Statistiques concernant Prénoms les plus donnés à Lyon en 2022

Cliquez ici pour prendre le quiz!

Statistiques générales

  • Ce quiz a été pris 33 fois
  • Le résultat moyen est 5 sur 20

Statistiques - réponses

RangPrénoms Filles% Correct
2eEmma
57%
3eLouis
54%
2eGabriel
46%
9eLucas
46%
3eLouise
36%
4eArthur
32%
9eJade
32%
1erRaphaël
29%
1erAlba
21%
5eAdam
18%
5eAmbre
18%
7eLéon
18%
10eNoé
18%
6eRomy
18%
8eCharlie
14%
6eGaspard
14%
8eIsaac
14%
10eOlivia
14%
4eAgathe
11%
7eAlma
11%

Distribution des résultats

Percentile par nombre de réponses

% des personnes avec chaque résultat

Votre développement - résultats

Vous n’avez pas pris ce quiz